<?xml version="1.0" encoding="UTF-8"?>
<record
    xmlns:xsi="http://www.w3.org/2001/XMLSchema-instance"
    xsi:schemaLocation="http://www.loc.gov/MARC21/slim http://www.loc.gov/standards/marcxml/schema/MARC21slim.xsd"
    xmlns="http://www.loc.gov/MARC21/slim">

  <leader>00963nam a2200193 a 4500</leader>
  <controlfield tag="008">170927e1998    ag ||||| |||| 00| 1 spa d</controlfield>
  <datafield tag="020" ind1=" " ind2=" ">
    <subfield code="a">8420615803</subfield>
  </datafield>
  <datafield tag="041" ind1=" " ind2=" ">
    <subfield code="a">spa</subfield>
  </datafield>
  <datafield tag="092" ind1=" " ind2=" ">
    <subfield code="c">540.7</subfield>
    <subfield code="l">4</subfield>
    <subfield code="s">ASI</subfield>
  </datafield>
  <datafield tag="100" ind1="1" ind2=" ">
    <subfield code="a">Asimov, Issac</subfield>
    <subfield code="9">2955</subfield>
  </datafield>
  <datafield tag="245" ind1=" " ind2=" ">
    <subfield code="a">Breve historia de la qu&#xED;mica /</subfield>
    <subfield code="c">Isaac Asimov</subfield>
  </datafield>
  <datafield tag="250" ind1=" " ind2=" ">
    <subfield code="a">1a ed.</subfield>
  </datafield>
  <datafield tag="260" ind1=" " ind2=" ">
    <subfield code="a">Madrid:</subfield>
    <subfield code="b">Alianza;</subfield>
    <subfield code="c">1998.</subfield>
  </datafield>
  <datafield tag="300" ind1=" " ind2=" ">
    <subfield code="a">250 p.</subfield>
  </datafield>
  <datafield tag="500" ind1=" " ind2=" ">
    <subfield code="a">Asimov, I. (1998). Breve historia de la qu&#xED;mica. (1a ed.). Madrid : Alianza.</subfield>
  </datafield>
  <datafield tag="505" ind1=" " ind2=" ">
    <subfield code="a">Si bien esta Breve Historia de la Qu&#xED;mica se remonta al lejano momento en que los hombres primitivos comenzaron a efectuar alteraciones en la naturaleza de las sustancias, s&#xF3;lo con la edad moderna se inicia su proceso de constituci&#xF3;n como ciencia rigurosa cuyos principales momentos son estudiados con la concisi&#xF3;n, amenidad y eficacia did&#xE1;ctica caracter&#xED;sticas de Isaac Asimov. </subfield>
  </datafield>
  <datafield tag="590" ind1=" " ind2=" ">
    <subfield code="a">DONACION Rotarac Club Cipolletti Comahue. Septiembre 2017</subfield>
  </datafield>
  <datafield tag="942" ind1=" " ind2=" ">
    <subfield code="2">ddc</subfield>
    <subfield code="c">LIT</subfield>
  </datafield>
  <datafield tag="999" ind1=" " ind2=" ">
    <subfield code="c">2484</subfield>
    <subfield code="d">2484</subfield>
  </datafield>
  <datafield tag="952" ind1=" " ind2=" ">
    <subfield code="0">0</subfield>
    <subfield code="1">0</subfield>
    <subfield code="2">ddc</subfield>
    <subfield code="4">0</subfield>
    <subfield code="7">0</subfield>
    <subfield code="a">BFM</subfield>
    <subfield code="b">BFM</subfield>
    <subfield code="c">CR</subfield>
    <subfield code="d">2017-09-27</subfield>
    <subfield code="e">Donacion</subfield>
    <subfield code="l">0</subfield>
    <subfield code="o">540.7;4;ASI</subfield>
    <subfield code="p">3949</subfield>
    <subfield code="r">2017-09-27</subfield>
    <subfield code="t">Ej. 1</subfield>
    <subfield code="w">2017-09-27</subfield>
    <subfield code="y">LIT</subfield>
    <subfield code="z">DONACION Rotarac Club Cipolletti Comahue septiembre 2017</subfield>
  </datafield>
</record>
